000 00816cam a22002413a 4500
001 30107
003 PGUSA
005 20140828083641.0
008 090927s2009||||xxu|||||s|||||000 | eng d
040 _aPGUSA
_beng
042 _adc
050 4 _aHB
100 1 _aMill, John Stuart,
_d1806-1873
245 1 0 _aPrinciples Of Political Economy :
_bAbridged with Critical, Bibliographical, and Explanatory Notes, and a Sketch of the History of Political Economy
_h[electronic resource] /
_cJohn Stuart Mill
260 _bProject Gutenberg,
_c2009
506 _aPublic domain in the USA.
516 _aElectronic text
653 _aEconomics
700 1 _aLaughlin, J. Laurence
_q(James Laurence),
_d1850-1933
830 0 _aProject Gutenberg
_v30107
856 4 0 _uhttp://www.gutenberg.org/ebooks/30107
942 _cEB
999 _c259362
_d259362